Municipalities of Greece on a Map (Dímoi) - Statistics

General Stats
  • This quiz has been taken 713 times
    667 since last reset
  • The average score is 83 of 333
Answers on the Map
Answers color-coded by a green-red scale on the quiz's map according to % correct below.
 
Answer Stats
Region Dimos % Correct
Attica Athens
78%
Central Macedonia Thessaloniki
77%
South Aegean Rhodes
67%
Crete Heraklion
66%
Epirus Ioannina
66%
Peloponnese Sparta
65%
Eastern Macedonia and Thrace Alexandroupoli
64%
Western Greece Patras
64%
Crete Chania
62%
Thessaly Volos
62%
Thessaly Larissa
60%
North Aegean Chios
57%
Peloponnese Kalamata
57%
Eastern Macedonia and Thrace Xanthi
57%
Attica Piraeus
56%
South Aegean Santorini
56%
Peloponnese Corinth
55%
Eastern Macedonia and Thrace Drama
54%
Eastern Macedonia and Thrace Komotini
54%
South Aegean Naxos and Lesser Cyclades
54%
Eastern Macedonia and Thrace Thasos
54%
Eastern Macedonia and Thrace Kavala
53%
Ionian Islands Zakynthos
53%
Peloponnese Tripoli
52%
South Aegean Kos
51%
Central Macedonia Serres
51%
Central Macedonia Katerini
50%
North Aegean Lemnos
50%
Peloponnese Argos-Mykines
49%
Epirus Arta
49%
Central Greece Chalcis
49%
Central Greece Lamia
49%
Central Macedonia Mount Athos
49%
South Aegean Mykonos
49%
Epirus Preveza
48%
Thessaly Trikala
48%
Western Macedonia Florina
46%
Attica Glyfada
46%
Crete Rethymno
46%
Crete Agios Nikolaos
45%
South Aegean Andros
44%
South Aegean Paros
44%
Western Greece Pyrgos
44%
Thessaly Agia
43%
Western Macedonia Kastoria
43%
Western Macedonia Kozani
43%
Central Macedonia Kalamaria
42%
South Aegean Karpathos
42%
Ionian Islands Lefkada
42%
Central Greece Thebes
42%
Western Greece Agrinio
41%
Epirus Igoumenitsa
41%
South Aegean Milos
41%
Eastern Macedonia and Thrace Samothrace
41%
Attica Kallithea
40%
Attica Kifisia
40%
Central Macedonia Kilkis
40%
Attica Megara
40%
Eastern Macedonia and Thrace Orestiada
40%
Central Macedonia Edessa
39%
Attica Aegina
38%
Thessaly Karditsa
38%
Peloponnese Nafplio
38%
Attica Nea Smyrni
38%
Attica Peristeri
38%
South Aegean Syros-Ermoupoli
38%
Central Macedonia Veria
37%
Ionian Islands Central Corfu and Diapontian Islands
36%
North Aegean Icaria
36%
Attica Marousi
36%
Thessaly Skiathos
36%
Western Macedonia Grevena
35%
Attica Marathon
35%
Ionian Islands North Corfu
35%
Thessaly Skopelos
35%
Ionian Islands South Corfu
35%
Central Greece Delphi
34%
Attica Hydra
34%
Ionian Islands Ithaca
34%
North Aegean Mytilene
34%
Attica Agia Paraskevi
33%
North Aegean East Samos
33%
Central Macedonia Kordelio-Evosmos
33%
Attica Nea Ionia
33%
South Aegean Tinos
33%
North Aegean West Samos
33%
Attica Zografou
33%
Attica Chalandri
32%
South Aegean Kea
32%
Crete Ierapetra
31%
Attica Ilion
31%
Attica Moschato-Tavros
31%
Attica Nea Filadelfeia-Nea Chalkidona
31%
Attica Nikaia-Agios Ioannis Rentis
31%
Epirus Parga
31%
Attica Salamis
31%
Attica Agios Dimitrios
30%
South Aegean Amorgos
30%
Attica Elliniko-Argyroupoli
30%
South Aegean Kalymnos
30%
Central Macedonia Pella
30%
Central Greece Skyros
30%
Attica Spetses
30%
Attica Vari-Voula-Vouliagmeni
30%
North Aegean West Lesbos
30%
Attica Ilioupoli
29%
South Aegean Kastellorizo
29%
Attica Poros
29%
Ionian Islands Argostoli
28%
Attica Cythera
28%
Peloponnese Monemvasia
28%
Attica Palaio Faliro
28%
Central Macedonia Polygyros
28%
South Aegean Symi
28%
Attica Acharnae
27%
Thessaly Alonnisos
27%
South Aegean Antiparos
27%
Central Greece Karpenisi
27%
Attica Keratsini-Drapetsona
27%
South Aegean Patmos
27%
South Aegean Sifnos
27%
Attica Spata-Artemida
27%
Eastern Macedonia and Thrace Didymoteicho
26%
South Aegean Ios
26%
Peloponnese Messini
26%
Attica Vyronas
26%
Central Greece Agrafa
25%
Attica Aspropyrgos
25%
Attica Galatsi
25%
Peloponnese Loutraki-Perachora-Agioi Theodoroi
25%
Central Macedonia Neapoli-Sykies
25%
North Aegean Psara
25%
Peloponnese Pylos-Nestor
25%
South Aegean Serifos
25%
Crete Sfakia
25%
Crete Sitia
25%
Central Macedonia Thermi
25%
Attica Fyli
24%
South Aegean Leros
24%
Eastern Macedonia and Thrace Soufli
24%
South Aegean Astypalaia
23%
Attica Dafni-Ymittos
23%
South Aegean Kasos
23%
Epirus Konitsa
23%
Attica Korydallos
23%
Epirus Metsovo
23%
Attica Papagou-Cholargos
23%
Attica Rafina-Pikermi
23%
Western Greece Aktio-Vonitsa
22%
Attica Alimos
22%
South Aegean Folegandros
22%
Western Greece Kalavryta
22%
Central Macedonia Kassandra
22%
South Aegean Kimolos
22%
South Aegean Kythnos
22%
Central Greece Livadeia
22%
Central Macedonia Naousa
22%
Western Greece Olympia
22%
Western Macedonia Prespes
22%
South Aegean Tilos
22%
Western Greece Amfilochia
21%
Attica Chaidari
21%
Peloponnese East Mani
21%
Crete Gavdos
21%
Western Greece Missolonghi
21%
Attica Agia Varvara
20%
North Aegean Agios Efstratios
20%
Central Greece Distomo-Arachova-Antikyra
20%
Attica Egaleo
20%
South Aegean Halki
20%
Attica Irakleio
20%
Crete Kissamos
20%
Ionian Islands Lixouri
20%
Central Greece Mantoudi-Limni-Agia Anna
20%
South Aegean Nisyros
20%
Attica Pallini
20%
Attica Penteli
20%
Attica Petroupoli
20%
Peloponnese West Mani
20%
South Aegean Anafi
19%
Thessaly Elassona
19%
Thessaly Farsala
19%
Attica Filothei-Psychiko
19%
Central Greece Kymi-Aliveri
19%
Peloponnese Megalopolis
19%
Attica Perama
19%
Central Macedonia Sithonia
19%
Thessaly Tyrnavos
19%
Central Macedonia Alexandreia
18%
Central Greece Karystos
18%
Attica Kessariani
18%
Central Macedonia Oraiokastro
18%
Attica Oropos
18%
Attica Vrilissia
18%
Attica Agistri
17%
Thessaly Almyros
17%
Attica Eleusina
17%
Peloponnese Epidaurus
17%
Central Greece Eretria
17%
Eastern Macedonia and Thrace Iasmos
17%
Central Greece Istiaia-Aidipsos
17%
Thessaly Kalabaka
17%
Central Greece Kamena Vourla
17%
Attica Markopoulo Mesogaias
17%
Attica Metamorfosi
17%
Ionian Islands Paxi
17%
Ionian Islands Sami
17%
Western Macedonia Servia
17%
South Aegean Sikinos
17%
Central Macedonia Almopia
16%
Western Macedonia Amyntaio
16%
Attica Dionysos
16%
Peloponnese Elafonisos
16%
Crete Gortyn
16%
Attica Mandra-Eidyllia
16%
Western Greece Nafpaktia
16%
Peloponnese Nemea
16%
Central Greece Stylida
16%
Central Macedonia Thermaikos
16%
Western Greece Thermo
16%
Attica Troizinia
16%
Central Macedonia Volvi
16%
Epirus Zagori
16%
Central Macedonia Delta
15%
Central Greece Domokos
15%
Eastern Macedonia and Thrace Kato Nevrokopi
15%
Attica Lykovrysi-Pefki
15%
Eastern Macedonia and Thrace Maroneia-Sapes
15%
Eastern Macedonia and Thrace Nestos
15%
Peloponnese North Kynouria
15%
North Aegean Oinousses
15%
Thessaly Palamas
15%
Western Greece Andravida-Kyllini
14%
Central Macedonia Chalkidona
14%
Central Greece Dirfys-Messapia
14%
Central Greece Dorida
14%
Peloponnese Evrotas
14%
Central Macedonia Irakleia
14%
Attica Lavreotiki
14%
Central Greece Makrakomi
14%
Ionian Islands Meganisi
14%
Eastern Macedonia and Thrace Myki
14%
Crete Mylopotamos
14%
Central Greece Orchomenos
14%
Attica Paiania
14%
Eastern Macedonia and Thrace Paranesti
14%
Central Macedonia Pavlos Melas
14%
Thessaly Pyli
14%
Epirus Souli
14%
Peloponnese South Kynouria
14%
Thessaly Tempi
14%
Peloponnese Xylokastro-Evrostina
14%
Thessaly Zagora-Mouresi
14%
Peloponnese Ermionida
13%
Central Macedonia Paionia
13%
Eastern Macedonia and Thrace Pangaio
13%
Attica Saronikos
13%
Western Greece Zacharo
13%
South Aegean Agathonisi
12%
Western Greece Aigialeia
12%
Central Greece Aliartos
12%
Central Macedonia Amfipoli
12%
Western Macedonia Argos Orestiko
12%
Central Macedonia Aristotelis
12%
Eastern Macedonia and Thrace Arriana
12%
Epirus Central Tzoumerka
12%
Western Macedonia Deskati
12%
Epirus Dodoni
12%
Eastern Macedonia and Thrace Doxato
12%
Western Greece Erymanthos
12%
Thessaly Farkadona
12%
Peloponnese Gortynia
12%
Attica Kropia
12%
Central Macedonia Langadas
12%
South Aegean Leipsoi
12%
Crete Minoa Pediada
12%
Central Macedonia Nea Zichni
12%
Western Macedonia Nestorio
12%
Epirus Nikolaos Skoufas
12%
Epirus North Tzoumerka
12%
Crete Platanias
12%
Epirus Pogoni
12%
Eastern Macedonia and Thrace Prosotsani
12%
Central Macedonia Pylea
12%
Thessaly Rigas Feraios
12%
Thessaly Sofades
12%
Central Greece Tanagra
12%
Crete Archanes-Asterousia
11%
Epirus Filiates
11%
Epirus Georgios Karaiskakis
11%
Western Greece Ilida
11%
Central Macedonia Nea Propontida
11%
Western Greece Pineios
11%
Central Macedonia Skydra
11%
Thessaly South Pelion
11%
Western Macedonia Voio
11%
Western Greece Xiromero
11%
Eastern Macedonia and Thrace Abdera
10%
Central Greece Amfikleia-Elateia
10%
Crete Anogeia
10%
Crete Chersonisos
10%
Central Macedonia Emmanouil Pappas
10%
Western Macedonia Eordaia
10%
Crete Faistos
10%
North Aegean Fournoi Korseon
10%
Crete Kantanos-Selino
10%
Thessaly Kileler
10%
Central Greece Lokroi
10%
Thessaly Mouzaki
10%
Central Macedonia Sintiki
10%
Eastern Macedonia and Thrace Topeiros
10%
Peloponnese Trifylia
10%
Peloponnese Velo-Vocha
10%
Central Macedonia Visaltia
10%
Epirus Zitsa
10%
Crete Amari
9%
Western Greece Andritsaina-Krestena
9%
Crete Apokoronas
9%
Crete Malevizi
9%
Peloponnese Oichalia
9%
Central Macedonia Pydna-Kolindros
9%
Western Macedonia Velventos
9%
Western Greece West Achaea
9%
Crete Agios Vasileios
8%
Thessaly Argithea
8%
Peloponnese Sikyona
8%
Crete Viannos
8%
Epirus Ziros
8%
Thessaly Lake Plastiras
7%
Crete Lasithi Plateau
7%
Central Macedonia Abelokipi
6%
Central Macedonia Dio-Olympos
6%
Attica Agii Anargyri-Kamatero
5%
No matching quizzes found
Score Distribution
Percent of People with Each Score
Percentile by Number Answered
Your Score History
You have not taken this quiz since the last reset